000 01639nam0a2200349 4500
001 RU\NLR\bibl\1396772
005 20241119210018.0
020 _aRU
_b90-11262
_9Летопись авторефератов диссертаций
021 _aRU
_b2009-4926а
_9198а
035 _a(NLR Aleph) 001388792
090 _a1148700
_c1148700
100 _a20090520d2009 u u0rusy50 ca
101 0 _arus
102 _aRU
105 _ay dm |||||
135 _acrgn 008aaaba
200 1 _aСемантико-прагматические и дискурсивные характеристики речевого акта "вызов"
_e(на материале английского языка)
_eспециальность 10.02.04 <Герм. яз.> : автореф. дис. на соиск. учен. степ. канд. филол. наук
_fГуцал Наталья Александровна
_g[Волгогр. гос. ун-т]
210 _aВолгоград
_d2009
215 _a23 с.
_d21
320 _aБиблиогр.: с. 21-23 (16 назв.)
325 _aКопия доступна в Электрон. б-ке РНБ
675 _a811.111
_v3
_zrus
686 _a81.2Англ
_2rubbk
686 _a10.02.04
_2oksvnk
700 1 _aГуцал
_bН. А.
_gНаталья Александровна
_4070
801 0 _aRU
_bRKP
_c20090520
_gPSBO
801 1 _aRU
_bRKP
_c20090520
801 2 _aRU
_bNLR
_c20090803
_grcr
901 _eАвторефераты
942 _cBOOK
981 1 0 _a(10) Авторефераты